000 00484nam a2200145Ia 4500
008 100204s9999 xx 000 0 und d
082 _b9396
100 _aशिरवाडकर वसंत
245 _aस्फूर्तिचित्रे
260 _b"पृथ्वी प्रकाशन , मुंबई"
300 _a80
630 _aस्फूर्तिचित्रे
730 _aस्फूर्तिचित्रे
942 _cBOOK
999 _c453832
_d453829